TRANSCOM 2015 proceedings : 11-th european conference of young researchers and scientists : Žilina, june 22 - 24, 2015, Slovak Republic

Na minha lista:
Detalhes bibliográficos
Autor Corporativo: TRANSCOM 2015. European conference of young researchers and scientists
Outros Autores: Šarafín, Peter, Račko, Ján, Kvet, Michal, Mokryš, Michal, Blaško, Rudolf, Brída, Peter
Formato: Livro
Idioma:inglês
Publicado em: Žilina University of Žilina 2015
Edição:1st ed.
Assuntos:
Tags: Adicionar Tag
Sem tags, seja o primeiro a adicionar uma tag!

MARC

LEADER 00000nlm a2200000 4500
001 0216477
005 20220831100103.0
020 |a 978-80-554-1045-6 
022 |a 1339-9829 
041 0 |a eng 
044 |a SK 
245 1 0 |a TRANSCOM 2015  |b proceedings : 11-th european conference of young researchers and scientists : Žilina, june 22 - 24, 2015, Slovak Republic  |c edited by Peter Šarafín, Ján Račko, Michal Kvet, Michal Mokryš ; reviewers: Rudolf Blaško ... [et al.] 
250 |a 1st ed. 
264 1 |a Žilina  |b University of Žilina  |c 2015 
300 |a online [109 s.] 
610 2 0 |a informácie 
610 2 0 |a technológie komunikačné 
610 2 0 |a technológie informačné 
700 1 |a Šarafín, Peter 
700 1 |a Račko, Ján 
700 1 |a Kvet, Michal 
700 1 |a Mokryš, Michal 
700 1 |a Blaško, Rudolf 
700 1 |a Brída, Peter 
110 2 |a TRANSCOM 2015. European conference of young researchers and scientists